Pensamiento teológico y cultura: historia de la teología

Saved in:
Bibliografiske detaljer
Hovedforfatter: Andrés Martín, Melquíades (Author)
Format: Bog
Sprog:spansk
Udgivet: Madrid Sociedad de Educación Atenas 1989
Serier:Colección Síntesis, 7-3
Fag:
Tags: Tilføj Tag
Ingen Tags, Vær først til at tagge denne postø!

MARC

LEADER 00000nam a2200000 a 4500
001 UCX2604
003 CL-VaPUC
008 910705e19890000SP |||||||||||||||||spa|d
020 |a 8470202510 
082 0 4 |a 230.01  |b AND  |2 21 
100 0 |a Andrés Martín, Melquíades  |e author  |9 318613 
245 1 0 |a Pensamiento teológico y cultura: historia de la teología 
300 |a 250 p 
942 |c BK 
945 |d 19910705 00:00:00 
260 |a Madrid  |b Sociedad de Educación Atenas  |c 1989 
650 0 |a Teología   |9 258766 
650 0 |a Historia  |9 255047 
583 |a last modification  |c 19910705 00:00:00  |k Rodrigo Vera 
490 0 |a Colección Síntesis, 7-3 
999 |c 223594  |d 223592 
952 |0 0  |1 0  |4 0  |6 230_010000000000000_AND_1989  |7 0  |8 A  |9 219557  |a BIBTEO  |b BIBTEO  |d 2019-11-15  |i 2882507  |o 230.01 AND 1989  |p 2882507  |r 2025-01-17  |w 2019-11-15  |y BK  |k ICR